Essentials of nursing research: appraising evidence for nursing practice (Record no. 295549)
[ view plain ]
| 000 -LEADER | |
|---|---|
| fixed length control field | 00500nam a2200109Ia 4500 |
| 008 - FIXED-LENGTH DATA ELEMENTS--GENERAL INFORMATION | |
| fixed length control field | 160531s9999 xx 000 0 und d |
| 100 ## - MAIN ENTRY--PERSONAL NAME | |
| Personal name | Denise, Polit F. |
| 245 ## - TITLE STATEMENT | |
| Title | Essentials of nursing research: appraising evidence for nursing practice |
| 245 ## - TITLE STATEMENT | |
| Statement of responsibility, etc | Polit, Denise F. |
| 260 ## - PUBLICATION, DISTRIBUTION, ETC. (IMPRINT) | |
| Date of publication, distribution, etc | 2010 |
| 856 ## - ELECTRONIC LOCATION AND ACCESS | |
| Uniform Resource Identifier | <a href="http://web2.aabu.edu.jo/tool/course_file/lec_notes/1001391_Essentials%20of%20Nursing%20Research%20Appraising%20Evidence%20for%20Nursing%20Practice%20Essentials%20of%20Nursing%20Research%20Polit.pdf">http://web2.aabu.edu.jo/tool/course_file/lec_notes/1001391_Essentials%20of%20Nursing%20Research%20Appraising%20Evidence%20for%20Nursing%20Practice%20Essentials%20of%20Nursing%20Research%20Polit.pdf</a> |
| Withdrawn status | Lost status | Damaged status | Home library | Current library | Date acquired | Total Checkouts | Date last seen | Price effective from | Koha item type |
|---|---|---|---|---|---|---|---|---|---|
| College Library | College Library | 05/31/2016 | 05/31/2016 | 05/31/2016 | Curriculum - Based eBooks |